Word Ladder: Melodious TV Contest Quiz Stats

 Plays Quiz Updated Mar 29, 2013

Support Sporcle.
Go Orange.
Score 0/31 Timer 03:00
0 Plays Today
Hint 4-Letter Word % Correct
Ice cream holderCONE
94.7%
Kind of slawCOLE
92.6%
Female horseMARE
92.1%
Young horseCOLT
87.9%
Become liquidMELT
87.6%
SegmentPART
85.4%
Peel with a knifePARE
85%
Bull or tom, e.g.MALE
84%
Brewing grainMALT
84%
SoundTONE
78%
IntersectMEET
74.8%
TalkCHAT
74.7%
PerkyPERT
74.6%
Mackintosh or duster, e.g.COAT
73.9%
♫ Moniker ♫♫ NAME ♫
73.2%
Unable to walk wellLAME
73.2%
Hint 4-Letter Word % Correct
♫ Big, card, or board ____♫ GAME ♫
72.1%
Storage hutSHED
71.7%
Lover's pathLANE
71%
Famed musical auntie?MAME
71%
StormGALE
70.7%
Germ of a plantSEED
70.4%
♫ Singular of those ♫♫ THAT ♫
70.4%
♫ Ditty ♫♫ TUNE ♫
69.9%
Marsh mossPEAT
69.4%
♫ Exhibition ♫♫ SHOW ♫
69.2%
Like a horse, after blacksmithingSHOD
67%
OFF repellent componentDEET
65.2%
Poet's moonLUNE
63.3%
ActDEED
59.2%
Urban superlative?PHAT
58.7%

Today's Daily Dose

You're not logged in!

Compare scores with friends on all Sporcle quizzes.
OR
Log In
Forgot?

From the Vault

Stupid University Jokes

by lolshortee

The real joke is how much student debt we'll all be left with. We don't find it funny either.
Remove Ads.
Support Sporcle.
Get the best of Sporcle when you Go Orange. This ad-free experience offers more features, more stats, and more fun while also helping to support Sporcle. Thank you for becoming a member.

Show Comments

Extras

Top Quizzes Today


Score Distribution

Your Account Isn't Verified!

In order to create a playlist on Sporcle, you need to verify the email address you used during registration. Go to your Sporcle Settings to finish the process.

Report this User

Report this user for behavior that violates our Community Guidelines.

Details: